000 01316nmm a2200409 a 4500
001 ocm000964931
003 TR-IsHL
005 20201028150708.0
008 150110s2011 tu tur
007 cr cn
020 _a9786054156535
035 _a964931
_b(N$T)
050 0 4 _aHB501
_b.A33 2011
090 0 4 _aHB501
_b.A33 2011
100 1 _aAkdağ, Yusuf
245 1 0 _aDin kapitalizm ve Gülen cemaati
_h[electronic resource] /
_cYusuf Akdağ
250 _a2.bs.
260 _aİstanbul :
_bEvrensel Basım Yayın,
_c2011
300 _a117 p.
650 4 _aEkonomi ve Finans
650 4 _aEconomics and Finance
650 0 _aGülen, Fethullah
650 0 _aKapitalizm
_xDini yönleri
650 0 _aCapitalism
_xReligious aspects
650 0 _aEkonomi
_xDini yönleri
_xİslam
650 0 _aEconomics
_xReligious aspects
_xIslam
650 0 _aİslam
_xEkonomik yönleri
650 0 _aIslam
_xEconomic aspects
650 0 _aKapitalizm
650 0 _aCapitalism
650 0 _aİş
_xDini yönleri
_xİslam
650 0 _aLabor
_xReligious aspects
_xIslam
650 0 _aDin
_xKamuoyu
650 0 _aReligion
_xPublic opinion
650 7 _aBUSINESS & ECONOMICS / Knowledge Capital
_2bisacsh
856 4 0 _uhttp://search.ebscohost.com/login.aspx?direct=true&scope=site&db=e011xww&AN=964931
999 _c10613
_d10613